| 000 | 00426nam a2200133Ia 4500 | ||
|---|---|---|---|
| 008 | 231129s1996||||xx |||||||||||||| ||spa|| | ||
| 020 | _a958-95799-6-5 | ||
| 082 | _aER- 096 | ||
| 100 | _aChisco René Fernando y Restrepo Diego Hernando. Compiladores. | ||
| 245 | 0 | _aMemorias: primer mercado departamental del arte | |
| 260 | _c1996 | ||
| 264 | _aPereira Papiro 1996 | ||
| 942 |
_2ddc _cBKS |
||
| 999 |
_c20983 _d20983 |
||